书目信息 |
| 题名: |
三米格草书习字帖
|
|
| 作者: | 王宏 编著 | |
| 分册: | 怀素 欧阳询卷 | |
| 出版信息: | 长沙 湖南文艺出版社 2009.10 |
|
| 页数: | 146页 | |
| 开本: | 29cm | |
| 丛书名: | ||
| 单 册: | ||
| 中图分类: | J292.34 | |
| 科图分类: | ||
| 主题词: | 草书--法帖--中国--选集 , 草书 , 法帖 | |
| 电子资源: | ||
| ISBN: | 978-7-5404-4415-0 | |
| 000 | 00653nam0 2200229 450 | |
| 001 | 2352031784 | |
| 005 | 20231231142811.49 | |
| 010 | @a978-7-5404-4415-0@dCNY 20.00 | |
| 100 | @a20100412d2009 em y0chiy0110 ea | |
| 101 | 0 | @achi |
| 102 | @aCN@b430000 | |
| 105 | @ay z 000yy | |
| 200 | 1 | @a三米格草书习字帖@Asan mi ge cao shu xi zi tie@i怀素 欧阳询卷@f王宏编著 |
| 210 | @a长沙@c湖南文艺出版社@d2009.10 | |
| 215 | @a146页@d29cm | |
| 606 | 0 | @a草书@x法帖@y中国@j选集 |
| 606 | 0 | @a草书 |
| 606 | 0 | @a法帖 |
| 690 | @aJ292.34@v5 | |
| 701 | 0 | @a王宏@Awang hong@c(书画,@f1955~)@4编著 |
| 801 | 2 | @aCN@b辽宁北配@c20231205 |
| 905 | @aBZT@dJ292.34@e72:4 | |
| 三米格草书习字帖.怀素 欧阳询卷/王宏编著.-长沙:湖南文艺出版社,2009.10 |
| 146页;29cm |
| ISBN 978-7-5404-4415-0:CNY 20.00 |
| ● |
| 相关链接 |
|
|
|
正题名:三米格草书习字帖
索取号:J292.34/72:4
 
预约/预借
| 序号 | 登录号 | 条形码 | 馆藏地/架位号 | 状态 | 备注 |
| 1 | 2001733944 | 2001733944 | 辽三/辽宁北配(第三批)/4531/ [索取号:J292.34/72:4] | 在馆 | |
| 2 | 2001733945 | 2001733945 | 辽三/辽宁北配(第三批)/4531/ [索取号:J292.34/72:4] | 在馆 | |
| 3 | 2001733946 | 2001733946 | 辽三/辽宁北配(第三批)/4531/ [索取号:J292.34/72:4] | 在馆 | |
| 4 | 2001733947 | 2001733947 | 辽三/辽宁北配(第三批)/4531/ [索取号:J292.34/72:4] | 在馆 | |
| 5 | 2001733948 | 2001733948 | 辽三/辽宁北配(第三批)/4531/ [索取号:J292.34/72:4] | 在馆 | |
| 6 | 2001733949 | 2001733949 | 辽三/辽宁北配(第三批)/4531/ [索取号:J292.34/72:4] | 在馆 | |
| 7 | 2001733950 | 2001733950 | 辽三/辽宁北配(第三批)/4531/ [索取号:J292.34/72:4] | 在馆 | |
| 8 | 2001733951 | 2001733951 | 辽三/辽宁北配(第三批)/4531/ [索取号:J292.34/72:4] | 在馆 | |
| 9 | 2001733952 | 2001733952 | 辽三/辽宁北配(第三批)/4531/ [索取号:J292.34/72:4] | 在馆 | |
| 10 | 2001733953 | 2001733953 | 辽三/辽宁北配(第三批)/4531/ [索取号:J292.34/72:4] | 在馆 | |
| 11 | 2001733954 | 2001733954 | 辽三/辽宁北配(第三批)/4531/ [索取号:J292.34/72:4] | 在馆 | |
| 12 | 2001733955 | 2001733955 | 辽三/辽宁北配(第三批)/4531/ [索取号:J292.34/72:4] | 在馆 | |
| 13 | 2001733956 | 2001733956 | 辽三/辽宁北配(第三批)/4531/ [索取号:J292.34/72:4] | 在馆 | |
| 14 | 2001733957 | 2001733957 | 辽三/辽宁北配(第三批)/4531/ [索取号:J292.34/72:4] | 在馆 | |
| 15 | 2001733958 | 2001733958 | 辽三/辽宁北配(第三批)/4531/ [索取号:J292.34/72:4] | 在馆 | |
| 16 | 2001733959 | 2001733959 | 辽三/辽宁北配(第三批)/4531/ [索取号:J292.34/72:4] | 在馆 | |
| 17 | 2001733960 | 2001733960 | 辽三/辽宁北配(第三批)/4531/ [索取号:J292.34/72:4] | 在馆 | |
| 18 | 2001733961 | 2001733961 | 辽三/辽宁北配(第三批)/4531/ [索取号:J292.34/72:4] | 在馆 | |
| 19 | 2001733962 | 2001733962 | 辽三/辽宁北配(第三批)/4531/ [索取号:J292.34/72:4] | 在馆 | |
| 20 | 2001733963 | 2001733963 | 辽三/辽宁北配(第三批)/4531/ [索取号:J292.34/72:4] | 在馆 | |
| 21 | 2001733964 | 2001733964 | 辽三/辽宁北配(第三批)/4531/ [索取号:J292.34/72:4] | 在馆 | |
| 22 | 2001733965 | 2001733965 | 辽三/辽宁北配(第三批)/4531/ [索取号:J292.34/72:4] | 在馆 | |
| 23 | 2001733966 | 2001733966 | 辽三/辽宁北配(第三批)/4531/ [索取号:J292.34/72:4] | 在馆 | |
| 24 | 2001733967 | 2001733967 | 辽三/辽宁北配(第三批)/4531/ [索取号:J292.34/72:4] | 在馆 | |
| 25 | 2001733968 | 2001733968 | 辽三/辽宁北配(第三批)/4531/ [索取号:J292.34/72:4] | 在馆 | |
| 26 | 2001733969 | 2001733969 | 辽三/辽宁北配(第三批)/4531/ [索取号:J292.34/72:4] | 在馆 | |
| 27 | 2001733970 | 2001733970 | 辽三/辽宁北配(第三批)/4531/ [索取号:J292.34/72:4] | 在馆 | |
| 28 | 2001733971 | 2001733971 | 辽三/辽宁北配(第三批)/4531/ [索取号:J292.34/72:4] | 在馆 | |
| 29 | 2001733972 | 2001733972 | 辽三/辽宁北配(第三批)/4531/ [索取号:J292.34/72:4] | 在馆 | |
| 30 | 2001733973 | 2001733973 | 辽三/辽宁北配(第三批)/4531/ [索取号:J292.34/72:4] | 在馆 |